书目信息 |
| 题名: |
理科最新常用数据手册
|
|
| 作者: | 漆贯荣 编译 | |
| 分册: | ||
| 出版信息: | 西安 陕西人民出版社 1983 |
|
| 页数: | 1187页 | |
| 开本: | 19cm | |
| 丛书名: | ||
| 单 册: | ||
| 中图分类: | N62 | |
| 科图分类: | ||
| 主题词: | 自然科学--手册 , 自然科学--指南 , 自然科学--便览 , 自然科学--年表 | |
| 电子资源: | ||
| ISBN: | ||
| 000 | 00783nam0 2200277 45 | |
| 001 | 0183011814 | |
| 005 | 20040924152722.1 | |
| 010 | @dCNY7.95@b精装 | |
| 091 | @a7094.351 | |
| 100 | @a19950404d1983 em y0chiy0121 ea | |
| 101 | 0 | @achi |
| 102 | @aCN@b610000 | |
| 105 | @ay z 000yy | |
| 106 | @ar | |
| 200 | 10 | @a理科最新常用数据手册@Ali ke zui xin chang yong shu ju shou ce@e天文·物理·化学·气象·地理·地质·地震@f漆贯荣等编译 |
| 210 | @a西安@c陕西人民出版社@d1983 | |
| 215 | @a1187页@d19cm | |
| 606 | 0 | @a自然科学@x手册 |
| 606 | 0 | @a自然科学@x指南 |
| 606 | 0 | @a自然科学@x便览 |
| 606 | 0 | @a自然科学@x年表 |
| 690 | @aN62 | |
| 701 | 0 | @a漆贯荣@Aqi guan rong@4编译 |
| 801 | 0 | @aCN@b上海图书馆@c20040921 |
| 801 | 2 | @aCN@bNLC@c20040921 |
| 905 | @dN62@f1@b240817@e4 | |
| 理科最新常用数据手册:天文·物理·化学·气象·地理·地质·地震/漆贯荣等编译.-西安:陕西人民出版社,1983 |
| 1187页;19cm |
| ISBN (精装):CNY7.95 |
| ● |
| 相关链接 |
|
|
|
|
正题名:理科最新常用数据手册
索取号:N62/4
 
预约/预借
| 序号 | 登录号 | 条形码 | 馆藏地/架位号 | 状态 | 备注 |
| 1 | 0240817 | 001229860 | 密集书库/ [索取号:N62/4] | 在馆 |